skbl

Dr Suryya Kumar Bhuyan Library Web-OPAC
ডঃ সূৰ্য্য
কুমাৰ ভূঞা পুথিভঁৰাল ৱেব-অ'পেক

All Research Scholars are advised to clear the annual library fees to continue using Library Resources, Remote Access, Plagiarism Test and Library Clearance.

Cotton University Book Fair 2026

Rupantar(Galpa) (Record no. 65649)

MARC details
000 -LEADER
fixed length control field 00399nam a2200157Ia 4500
001 - CONTROL NUMBER
control field 64549
008 - FIXED-LENGTH DATA ELEMENTS--GENERAL INFORMATION
fixed length control field 210403n ii |||gr||||Z||||||465
082 ## - DEWEY DECIMAL CLASSIFICATION NUMBER
Classification number 891.4141
110 ## - MAIN ENTRY--CORPORATE NAME
Corporate name or jurisdiction name as entry element Mani Manik.
245 #0 - TITLE STATEMENT
Title Rupantar(Galpa)
Statement of responsibility, etc. Published By Mani-Manik
Medium Textual Documents
260 ## - PUBLICATION, DISTRIBUTION, ETC.
Place of publication, distribution, etc. Uzanbazar:
Name of publisher, distributor, etc. Mani Manik.
300 ## - PHYSICAL DESCRIPTION
Extent 137pg:
Dimensions 20cm.
653 ## - INDEX TERM--UNCONTROLLED
Uncontrolled term Assamese
653 ## - INDEX TERM--UNCONTROLLED
Uncontrolled term G-Assamese
942 ## - ADDED ENTRY ELEMENTS (KOHA)
Source of classification or shelving scheme Dewey Decimal Classification
Koha item type Books
Holdings
Withdrawn status Lost status Damaged status Not for loan Collection Home library Current library Shelving location Date acquired Coded location qualifier Total checkouts Full call number Barcode Date last seen Copy number Price effective from Koha item type
          Dr. Suryya Kumar Bhuyan Library Dr. Suryya Kumar Bhuyan Library   03/04/2021 00000   891.4141 D 594 R 3858/gift 14/01/2024 1 03/04/2021 Books

Designed and Maintained by Team SKBL
©1901-2026

Powered by Koha